Διερεύνηση της χρήσης των εισροών από τους βιοκαλλιεργητές των νομών Λάρισας, Μαγνησίας, Φθιώτιδας : πτυχιακή εργασία

Αποθηκεύτηκε σε:
Λεπτομέρειες βιβλιογραφικής εγγραφής
Κύριος συγγραφέας: Κατσιμάντου, Κωνσταντίνα
Συγγραφή απο Οργανισμό/Αρχή: Πανεπιστήμιο Αιγαίου. Σχολή Περιβάλλοντος. Τμήμα Περιβάλλοντος
Άλλοι συγγραφείς: Γιούργα, Χριστίνα (dgsf)
Μορφή: Thesis Βιβλίο
Γλώσσα:Greek
Δημοσίευση: 2006.
Θέματα:
Ετικέτες: Προσθήκη ετικέτας
Δεν υπάρχουν, Καταχωρήστε ετικέτα πρώτοι!

MARC

LEADER 00000cam a2200000 i 4500
001 1/27249
008 060330s2006 gr | ||| |||| ||gre||
035 |l 10083358 
040 |a GR-MyUa  |b gre  |e AACR2 
041 0 |a gre 
082 7 |a 631   |2 (22) 
100 1 |a Κατσιμάντου, Κωνσταντίνα. 
245 1 0 |a Διερεύνηση της χρήσης των εισροών από τους βιοκαλλιεργητές των νομών Λάρισας, Μαγνησίας, Φθιώτιδας :   |b πτυχιακή εργασία /   |c Κωνσταντίνα Κατσιμάντου ; υπεύθυνη καθηγήτρια Χριστίνα Γιούργα. 
260 |c 2006. 
300 |a 152 σ. :   |b πιν., σχ. ;   |c 30 εκ. 
502 |a Πτυχιακή εργασία – Πανεπιστήμιο Αιγαίου, Λέσβος, 2006. 
504 |a Βιβλιογραφία: 85-89. 
650 0 |a Sustainable agriculture  |z Greece  |z Larisa (Nome) 
650 0 |a Organic farming  |z Greece  |z Larisa (Nome) 
650 0 |a Sustainable agriculture  |z Greece  |z Phthiotis. 
650 0 |a Organic farming  |z Greece  |z Phthiotis. 
650 0 |a Sustainable agriculture  |z Greece  |z Magnesia. 
650 0 |a Organic farming  |z Greece  |z Magnesia. 
650 0 |a Dissertations, Academic  |z Greece. 
700 1 |a Γιούργα, Χριστίνα,  |e dgsf 
710 2 |a Πανεπιστήμιο Αιγαίου.   |b Σχολή Περιβάλλοντος.   |b Τμήμα Περιβάλλοντος. 
852 |a INST  |b LESVOS  |c DIATR  |e 20060330  |h 1049  |p 005100035904  |q 005100035904  |t DIE  |y 23 
852 |a INST  |b LESVOS  |c DIATR  |e 20060330  |h 1050  |p 005100035407  |q 005100035407  |t DIE  |y 23 
901 |a BIBL1-2006-1 
924 |a Κατσιμάντου  |b Κωνσταντίνα  |y Λέσβος  |z 2006-03 
970 |a ΜΑΡΙΝΑΤΟΥ  |b ΜΥΡΣΙΝΗ  |z 2006/03/30